00835nam a22002417a 450000500170000000800410001702000180005804000210007604100080009708200180010510000260012324500760014925000110022526000360023630000160027265000390028865000550032765000240038270000320040694200120043899900170045095201260046720211007133615.0211007b ||||| |||| 00| 0 eng d a9789382624745 aIN-DiNCcIN-DiNC dasm a891.4511bPHU aPhukan, Kabineauthor aKavita somalochana aru kavyatatwa bisayak rachanavali/cby Kabin Phukan a1st ed aGuwahati:bBhabani books,c2013 axvii, 366p. aCritical essays on Assamese poetry aCritical essays on Assamese poetry by Kabin Phukan aAssamese literature aGoswami, Arup KumareEditor 2ddccBK c11203d11203 00102ddc40708ASMaMAINbMAINcGENd2021-10-07g399.00l0o891.4511 PHUp26130r2021-10-07 00:00:00t1w2021-10-07yBK